00568nam a2200205 i 4500001000400000100001700004245006800021260004400089300002100133490004000154504002600194650002100220830003200241020001500273040000800288041000800296044000800304080000900312008004100321bgj1 aSCHU, Josef.10aKinder als Erzähler - Erwachsene als Zuhörer /cJosef Schu. aFrankfurt am Main :bPeter Lang,c1994. a311 s. ;c21 cm.1 aSprache in der GesellschaftvBd. 21 aBibliogr. s. 301-311.9 aJęzykoznawstwo aSprache in der Gesellschaft a3631460260 cBPK0 ager aDEU a81'1 s gw f |000 0 ger